1628 1263 1937 1516 1306 1911 1498 1545 1593 1391 1864 1314 1366 1434 1208 1166 1965 1054 1871 1741 1273 1700 1989 1075 1188 1715 1243 1007 1617 1120 1312 1663 1716 1179 1287 1763 1572 1333 1707 1141 1875 1948 1887 1728 1395 1328 1134 1986 1708 1436 1084 1556 1662 1216 1298 1264 1215 1291 1166 1605 1867 1269 1925 1850 1419 1627 1486 1160 1072 1517 1736 1544 1994 1053 1853 1721 1591 1719 1245 1148 1856 1169 1959 1489 1707 1402 1788 1393 1781 1940 1104 1352 1652 1211 1641 1563 1135 1838 1060 BCNSPRNW ULIB Ver.6.0+V

เปลี่ยนเป็นภาษาไทย

Change to English
 แสดงรายละเอียดบรรณานุกรม
  กลับหน้าหลัก

Brief Record : Get Marc (ISO 2709) : E-mail record : QR code < ปิดหน้าต่าง
LEADER : 00000nam 2200000uu 4500
001    13399126112
003     ULIB
008    180606s2558||||th 000 0 tha d
020    ^a9789746523073
060    ^aWS107^bพ178ก
100    ^aพชรพรรณ สุรพลชัย
245    ^aการตรวจคัดกรองและตรวจวินิจฉัยระยะเริ่มแรกของภาวะผิดปกติในเด็ก Screening and Early Detection for Pediatric Conditions
250    ^aพิมพ์ครั้งที่ 1
260    ^aกรุงเทพฯ :^bไอกรุ๊ปเพรส,^c2558
300    ^a186 หน้า ;^c25.5 ซม.
856    ^a^z022218-1.jpg (สารบัญวารสาร)^uhttp://61.7.221.150/ULIB62015//_fulltext/serialcontent/13399128659/022218-1.jpg
856    ^a^z022218-2.jpg (สารบัญวารสาร)^uhttp://61.7.221.150/ULIB62015//_fulltext/serialcontent/13399128659/02221
945    ^p270^l0^i26038
945    ^p270^l0^i26039
945    ^p270^l0^i26040
945    ^p270^l0^i26041
945    ^p270^l0^i26042
945    ^p270^l0^i26043
945    ^p270^l0^i26044
945    ^p270^l0^i26045
945    ^p270^l0^i26046
945    ^p270^l0^i26047
999    ^aกัณชพร จุลอักษร
รายการนี้ยังไม่มีแท็ก
คุณยังไม่ได้ล็อกอิน คุณสามารถมีกิจกรรมร่วมกับเว็บไซต์ได้ แต่ต้องล็อกอินก่อน ::
  ล็อกอิน

รายการสื่อสารสนเทศ

ลำดับที่ ประเภท เลขเรียก/บาร์โค้ด สถานที่ สถานะ
1. หนังสือสำรอง
หนังสือสำรอง
สถานะ=หนังสือเก่า
WS107 พ178ก ฉ.1 
  Barcode: 26038
ห้องสมุดวิทยาเขตนครสวรรค์
►ส่วนจัดเก็บหนังสือเก่า นว.
บนชั้น
  ขอยืม
2. วิทยาศาสตร์การแพทย์ และสุขภาพ
วิทยาศาสตร์การแพทย์ และสุขภาพ
สถานะ=หนังสือเก่า
WS107 พ178ก ฉ.10 
  Barcode: 26047
ห้องสมุดวิทยาเขตนครสวรรค์
►ส่วนจัดเก็บหนังสือเก่า นว.
บนชั้น
  ขอยืม
3. วิทยาศาสตร์การแพทย์ และสุขภาพ
วิทยาศาสตร์การแพทย์ และสุขภาพ
สถานะ=หนังสือเก่า
WS107 พ178ก ฉ.2 
  Barcode: 26039
ห้องสมุดวิทยาเขตนครสวรรค์
►ส่วนจัดเก็บหนังสือเก่า นว.
บนชั้น
  ขอยืม
4. วิทยาศาสตร์การแพทย์ และสุขภาพ
วิทยาศาสตร์การแพทย์ และสุขภาพ
สถานะ=หนังสือเก่า
WS107 พ178ก ฉ.3 
  Barcode: 26040
ห้องสมุดวิทยาเขตนครสวรรค์
►ส่วนจัดเก็บหนังสือเก่า นว.
บนชั้น
  ขอยืม
5. วิทยาศาสตร์การแพทย์ และสุขภาพ
วิทยาศาสตร์การแพทย์ และสุขภาพ
สถานะ=หนังสือเก่า
WS107 พ178ก ฉ.4 
  Barcode: 26041
ห้องสมุดวิทยาเขตนครสวรรค์
►ส่วนจัดเก็บหนังสือเก่า นว.
บนชั้น
  ขอยืม
6. วิทยาศาสตร์การแพทย์ และสุขภาพ
วิทยาศาสตร์การแพทย์ และสุขภาพ
สถานะ=หนังสือเก่า
WS107 พ178ก ฉ.5 
  Barcode: 26042
ห้องสมุดวิทยาเขตนครสวรรค์
►ส่วนจัดเก็บหนังสือเก่า นว.
บนชั้น
  ขอยืม
7. วิทยาศาสตร์การแพทย์ และสุขภาพ
วิทยาศาสตร์การแพทย์ และสุขภาพ
สถานะ=หนังสือเก่า
WS107 พ178ก ฉ.6 
  Barcode: 26043
ห้องสมุดวิทยาเขตนครสวรรค์
►ส่วนจัดเก็บหนังสือเก่า นว.
บนชั้น
  ขอยืม
8. วิทยาศาสตร์การแพทย์ และสุขภาพ
วิทยาศาสตร์การแพทย์ และสุขภาพ
สถานะ=หนังสือเก่า
WS107 พ178ก ฉ.7 
  Barcode: 26044
ห้องสมุดวิทยาเขตนครสวรรค์
►ส่วนจัดเก็บหนังสือเก่า นว.
บนชั้น
  ขอยืม
9. วิทยาศาสตร์การแพทย์ และสุขภาพ
วิทยาศาสตร์การแพทย์ และสุขภาพ
สถานะ=หนังสือเก่า
WS107 พ178ก ฉ.8 
  Barcode: 26045
ห้องสมุดวิทยาเขตนครสวรรค์
►ส่วนจัดเก็บหนังสือเก่า นว.
บนชั้น
  ขอยืม
10. วิทยาศาสตร์การแพทย์ และสุขภาพ
วิทยาศาสตร์การแพทย์ และสุขภาพ
สถานะ=หนังสือเก่า
WS107 พ178ก ฉ.9 
  Barcode: 26046
ห้องสมุดวิทยาเขตนครสวรรค์
►ส่วนจัดเก็บหนังสือเก่า นว.
บนชั้น
  ขอยืม

รายการใกล้เคียง
    ชื่อเรื่อง [การตรวจคัดกรองและตรวจวินิจฉัยระยะเริ่มแรกของภาวะผิดปกติในเด็ก Screening and Early Detection for Pediatric Conditions]

    ผู้แต่ง [พชรพรรณ สุรพลชัย]

BibComment


ยังไม่เคยถูกคอมเมนท์

คอมเมนท์ทรัพยากรรายการนี้
  คอมเมนท์: การตรวจคัดกรองแล..


 Copyright 2026. Bcnsprnw @Library